Vista normal
Vista MARC
Entrada Personal Name
Número de registros utilizados en: 2
001 - CONTROL NUMBER
- control field: 24322
003 - CONTROL NUMBER IDENTIFIER
- control field: OSt
005 - DATE AND TIME OF LATEST TRANSACTION
- control field: 20230915231110.0
008 - FIXED-LENGTH DATA ELEMENTS
- fixed length control field: 230915|| aca||aabn | a|a d
040 ## - CATALOGING SOURCE
- Original cataloging agency: OSt
- Transcribing agency: OSt
100 ## - HEADING--PERSONAL NAME
- Personal name: Willis, Ron; McGlasson, Barry; Graham, Doug
670 ## - SOURCE DATA FOUND
- Source citation: Work cat.: (OSt)26735: Willis, Ron; McGlasson, Barry; Graham, Doug, Introducción a la fisiología y manipulación poscosecha de frutas , hortalizas y plantas ornamentales, Acribia